Protestants in Russia. (Record no. 13685)

000 -LEADER
fixed length control field 00597nam a2200181 a 4500
001 - CONTROL NUMBER
control field :::00011508$&:&@@
003 - CONTROL NUMBER IDENTIFIER
control field OkBaRHE
005 - DATE AND TIME OF LATEST TRANSACTION
control field 20100402115638.0
008 - FIXED-LENGTH DATA ELEMENTS--GENERAL INFORMATION
fixed length control field s1976 j 000 0 eng u
040 ## - CATALOGING SOURCE
Transcribing agency
100 1# - MAIN ENTRY--PERSONAL NAME
Personal name Hebly, J A.
245 10 - TITLE STATEMENT
Title Protestants in Russia.
Statement of responsibility, etc Translated [from the Dutch] by John Pott.
260 ## - PUBLICATION, DISTRIBUTION, ETC. (IMPRINT)
Place of publication, distribution, etc Grand Rapids, MI., :
Name of publisher, distributor, etc Wm. B. Eerdmans
Date of publication, distribution, etc 1976
300 ## - PHYSICAL DESCRIPTION
Extent 192 p. ;
Dimensions 18 cm.
650 ## - SUBJECT ADDED ENTRY--TOPICAL TERM
Topical term or geographic name as entry element Protestant Churches
General subdivision Russia
942 ## - ADDED ENTRY ELEMENTS (KOHA)
Source of classification or shelving scheme
Koha item type Books
Copies
Full call number Price effective from Date last seen Source of classification or shelving scheme Damaged status Not for loan Shelving location Lost status Barcode Copy number Date acquired Withdrawn status Koha item type Permanent Location
BX 4849 .H413 19762010-04-142010-04-14   General Stacks 1150812010-04-14 BooksRHEMA Bible Training College